| 000 | 00391cam a2200157ua 4500 | ||
|---|---|---|---|
| 041 |
_aeng _h |
||
| 082 |
_a631.584 _bBLA/FA |
||
| 100 | _aBlagburn, C H . | ||
| 245 |
_aFarm planning and management / _cC H Blagburn. _hTextual Documents |
||
| 250 |
_a1 / _b. |
||
| 260 |
_aLondon : _bLongman Green and Co , _c1967. |
||
| 300 | _a372 ; . | ||
| 504 | _a | ||
| 942 | _cBK | ||
| 999 |
_c8699 _d8699 |
||